00864 a2200217 4500010001400000020002300014035001300037037001600050082001100066090001700077100002200094245004600116260004700162270015900209300003000368490005000398500002000448942002500468999001700493952013600510 aENG-89517 c260.00a185744258X aEN-73050 bDBAD / PUB14a794.12 c11085d110851 aDunnington, Angus1 aAttacking with 1 d4/cby Angus Dunnington aChennaibCitadel Chess Worldc2002 (repr.) a3, 1st Floor, Lalithambika, No. 1, 79th Street, 18th Avenue, Ashok Ngar,bChennaicChennaie6000083k44-24716179 M- 9884800219minfo@citadelchessworld.com a110p.:c24 cm (pbk)bill aEveryman chess series/ edited by Byron Jacobs aIncludes index adplcENk794.12/ DUN c10781d10781 00102ddc40718NFICaDBADbDBADeDBAD/PUBg260.00l0o794.12 DUNpEN-73050r2008-09-15 00:00:00t1u11875v260.00w2008-09-15yEN